000 00230nam a2200097Ia 4500
005 20251222114347.0
008 251222s1900||||xx |||||||||||||| ||spa||
082 _aDVD0090/M61/2005
245 0 _aDon Quijote de la Mancha:
942 _cDVD
999 _c1073
_d1073